[Event "Split op 4th"]
[Site "Split"]
[Date "2010.05.01"]
[Round "2"]
[White "Sunara, Tomislav"]
[Black "Simovic, Mladen"]
[Result "1/2-1/2"]
[WhiteElo "1990"]
[BlackElo "1857"]
[PlyCount "86"]
[EventDate "2010.04.30"]
[EventType "swiss"]
[EventRounds "9"]
[EventCountry "CRO"]
[SourceTitle "EXT 2011"]
[Source "ChessBase"]
[SourceDate "2010.11.26"]
[SourceVersion "1"]
[SourceVersionDate "2010.11.26"]
[SourceQuality "1"]

1. Nf3 Nf6 2. c4 c5 3. g3 g6 4. Bg2 Nc6 5. Nc3 Bg7 6. d3 0-0 7. Bg5 d6 8. 0-0 Bg4 9. Qd2 Qd7 10. Rfe1 e5 11. Rac1 Rab8 12. Bh6 a6 13. a4 Nd4 14. Bxg7 Kxg7 15. Qd1 Bxf3 16. exf3 b5 17. axb5 axb5 18. b3 bxc4 19. bxc4 Rb2 20. Ne2 Nxe2+ 21. Rxe2 Rfb8 22. h4 h5 23. Ra1 Qc7 24. Rxb2 Rxb2 25. g4 Qb6 26. g5 Ng8 27. Qc1 Ne7 28. f4 Nf5 29. fxe5 dxe5 30. Qe1 Qd6 31. Bd5 Qb8 32. f4 exf4 33. Ra8 Rb1 34. Rxb8 Rxe1+ 35. Kf2 Re7 36. Rc8 Nxh4 37. Rxc5 f6 38. gxf6+ Kxf6 39. Be4 g5 40. Rc6+ Re6 41. Rc5 Re5 42. Rc6+ Re6 43. Rc5 Re5 1/2-1/2

[Event "Split op 3rd"]
[Site "Split"]
[Date "2009.03.06"]
[Round "7"]
[White "Simovic, Mladen"]
[Black "Paradjina, Dusko"]
[Result "1/2-1/2"]
[WhiteElo "1861"]
[BlackElo "1971"]
[PlyCount "23"]
[EventDate "2009.02.28"]
[EventType "swiss"]
[EventRounds "9"]
[EventCountry "CRO"]
[SourceTitle "CBM 129 Extra"]
[Source "ChessBase"]
[SourceDate "2009.05.05"]
[SourceVersion "2"]
[SourceVersionDate "2009.05.20"]
[SourceQuality "1"]

1. d4 d5 2. c4 Nf6 3. e3 c6 4. Nc3 e6 5. Nf3 Bd6 6. Bd3 Nbd7 7. 0-0 h6 8. e4 dxe4 9. Nxe4 Nxe4 10. Bxe4 Nf6 11. Bc2 Qc7 12. g3 1/2-1/2

[Event "Split op 3rd"]
[Site "Split"]
[Date "2009.02.28"]
[Round "1"]
[White "Bozanic, Ivica"]
[Black "Simovic, Mladen"]
[Result "1/2-1/2"]
[WhiteElo "2270"]
[BlackElo "1861"]
[PlyCount "106"]
[EventDate "2009.02.28"]
[EventType "swiss"]
[EventRounds "9"]
[EventCountry "CRO"]
[SourceTitle "CBM 129 Extra"]
[Source "ChessBase"]
[SourceDate "2009.05.05"]
[SourceVersion "2"]
[SourceVersionDate "2009.05.20"]
[SourceQuality "1"]

1. e4 e6 2. d4 d5 3. Nc3 Nf6 4. e5 Nfd7 5. f4 c5 6. Nf3 Nc6 7. Bd3 cxd4 8. Ne2 Bb4+ 9. Bd2 Bxd2+ 10. Qxd2 Qa5 11. Qxa5 Nxa5 12. Nexd4 a6 13. 0-0-0 g6 14. h4 h5 15. Ng5 Ke7 16. Rh3 Nc6 17. Be2 Nxd4 18. Rxd4 Nb8 19. c4 Nc6 20. Rd2 dxc4 21. Rc3 Rd8 22. Rxd8 Nxd8 23. Rxc4 Bd7 24. Kd2 Bc6 25. Bf3 f6 26. exf6+ Kxf6 27. Ne4+ Ke7 28. Ng5 Bxf3 29. Nxf3 Nc6 30. Ke3 Kf6 31. Ng5 e5 32. fxe5+ Kxe5 33. Rc5+ Kd6 34. Ne4+ Ke6 35. Rg5 Ne5 36. Nc5+ Kf6 37. Nxb7 Nc4+ 38. Kd4 Nxb2 39. Nc5 Rd8+ 40. Kc3 Nd1+ 41. Kb3 Ne3 42. a4 Nf5 43. g3 a5 44. g4 Rb8+ 45. Kc3 Rc8 46. Kc4 Nxh4 47. Rd5 hxg4 48. Kb5 Ra8 49. Ne4+ Ke6 50. Rg5 Nf3 51. Nc5+ Kd6 52. Rxg6+ Kd5 53. Rxg4 Rb8+ 1/2-1/2

[Event "Stobrec op"]
[Site "Stobrec"]
[Date "2008.07.31"]
[Round "5"]
[White "Klem, Davor"]
[Black "Simovic, Mladen"]
[Result "0-1"]
[WhiteElo "2126"]
[BlackElo "1862"]
[PlyCount "116"]
[EventDate "2008.07.26"]
[EventType "swiss"]
[EventRounds "7"]
[EventCountry "CRO"]
[SourceTitle "EXT 2009"]
[Source "ChessBase"]
[SourceDate "2008.11.26"]
[SourceVersion "1"]
[SourceVersionDate "2008.11.26"]
[SourceQuality "1"]

1. Nc3 d5 2. e4 d4 3. Nce2 c5 4. Ng3 e5 5. Nf3 Bd6 6. Bc4 Nf6 7. 0-0 0-0 8. d3 Nc6 9. a3 Be6 10. Bxe6 fxe6 11. c3 Qd7 12. Ng5 Rae8 13. a4 a6 14. Qc2 Re7 15. Bd2 h6 16. Nh3 Qe8 17. f4 Nh5 18. fxe5 Rxf1+ 19. Rxf1 Bxe5 20. Ne2 Rf7 21. Qc1 Rxf1+ 22. Qxf1 Qf7 23. Qf3 Qxf3 24. gxf3 g5 25. f4 gxf4 26. Nhxf4 Nxf4 27. Nxf4 Kf7 28. Kg2 b5 29. axb5 axb5 30. Kf3 dxc3 31. bxc3 b4 32. Ne2 b3 33. Bc1 Bxh2 34. Bb2 h5 35. Kg2 Bc7 36. Nc1 Ne5 37. Nxb3 Nxd3 38. Ba3 Bd6 39. Nd2 Ne1+ 40. Kh3 Nc2 41. Nc4 Be7 42. Bc1 Bf6 43. Bd2 Kg6 44. Nd6 Bg5 45. Nc4 Bxd2 46. Nxd2 Kg5 47. Nc4 Kf4 48. e5 Ne3 49. Nd2 Nf5 50. Nc4 Ke4 51. Nd6+ Kxe5 52. Nxf5 Kxf5 53. Kh4 Kf4 54. Kxh5 e5 55. Kh4 e4 56. Kh3 Kf3 57. Kh2 Kf2 58. c4 e3 0-1

[Event "Split op"]
[Site "Split"]
[Date "2008.05.04"]
[Round "8"]
[White "Simovic, Mladen"]
[Black "Katavic, Borivoj"]
[Result "0-1"]
[WhiteElo "1855"]
[BlackElo "2165"]
[PlyCount "76"]
[EventDate "2008.04.28"]
[EventType "swiss"]
[EventRounds "9"]
[EventCountry "CRO"]
[SourceTitle "EXT 2009"]
[Source "ChessBase"]
[SourceDate "2008.11.26"]
[SourceVersion "1"]
[SourceVersionDate "2008.11.26"]
[SourceQuality "1"]

1. d4 Nf6 2. c4 c5 3. e3 g6 4. Nc3 Na6 5. a3 Bg7 6. Nf3 0-0 7. Bd3 d6 8. 0-0 Re8 9. d5 e6 10. e4 exd5 11. exd5 h6 12. h3 g5 13. Nxg5 hxg5 14. Bxg5 Qe7 15. Qf3 Qe5 16. Bf4 Qh5 17. Qg3 Bf5 18. Bxd6 Rad8 19. Bf4 Qh7 20. Bxf5 Qxf5 21. Bg5 Nb8 22. Rfe1 Nbd7 23. Nb5 Ne5 24. b3 a6 25. Nc3 Nh5 26. Qe3 Nd3 27. Ne4 Nxe1 28. Rxe1 Bd4 29. g4 Bxe3 30. gxf5 Bxg5 31. Kf1 Be7 32. Rd1 Bd6 33. Re1 Re5 34. Re3 Rxf5 35. b4 cxb4 36. c5 Bf4 37. Rf3 Rfxd5 38. axb4 Rd4 0-1

[Event "Split op"]
[Site "Split"]
[Date "2008.04.29"]
[Round "2"]
[White "Paradjina, Dusko"]
[Black "Simovic, Mladen"]
[Result "1/2-1/2"]
[WhiteElo "1990"]
[BlackElo "1855"]
[PlyCount "34"]
[EventDate "2008.04.28"]
[EventType "swiss"]
[EventRounds "9"]
[EventCountry "CRO"]
[SourceTitle "EXT 2009"]
[Source "ChessBase"]
[SourceDate "2008.11.26"]
[SourceVersion "1"]
[SourceVersionDate "2008.11.26"]
[SourceQuality "1"]

1. d4 d5 2. Nf3 e6 3. Bf4 c5 4. e3 Nc6 5. c3 Nf6 6. h3 Bd6 7. Bxd6 Qxd6 8. Bd3 0-0 9. Nbd2 Re8 10. 0-0 e5 11. dxe5 Nxe5 12. Nxe5 Qxe5 13. Nf3 Qh5 14. Nh2 Qe5 15. Nf3 Qh5 16. Nh2 Qe5 17. Nf3 g6 1/2-1/2

[Event "Omis op"]
[Site "Omis"]
[Date "2007.10.07"]
[Round "5"]
[White "Simovic, Mladen"]
[Black "Lovric, Marko"]
[Result "0-1"]
[WhiteElo "1860"]
[BlackElo "1967"]
[PlyCount "62"]
[EventDate "2007.10.05"]
[EventType "swiss"]
[EventRounds "7"]
[EventCountry "CRO"]
[SourceTitle "CBM 120 Extra"]
[Source "ChessBase"]
[SourceDate "2007.11.01"]
[SourceVersion "1"]
[SourceVersionDate "2007.11.01"]
[SourceQuality "1"]

1. d4 Nf6 2. c4 c5 3. e3 g6 4. Nf3 Bg7 5. Bd3 0-0 6. 0-0 d6 7. h3 Nc6 8. a3 Nd7 9. d5 Nce5 10. Nxe5 Nxe5 11. Be2 b5 12. cxb5 a6 13. Nc3 axb5 14. Bxb5 Ba6 15. Bxa6 Rxa6 16. f4 Nc4 17. Qd3 Bxc3 18. Qxc4 Bxb2 19. Bxb2 Rb6 20. Bc3 Qa8 21. e4 Rfb8 22. e5 Rb3 23. a4 Qa7 24. Kh2 Qd7 25. g4 h5 26. exd6 hxg4 27. dxe7 Qxe7 28. Rg1 Qe3 29. Rg3 Qf2+ 30. Rg2 g3+ 31. Kh1 Rb1+ 0-1

[Event "Omis op"]
[Site "Omis"]
[Date "2007.10.05"]
[Round "2"]
[White "Rakuljic, Stanko"]
[Black "Simovic, Mladen"]
[Result "1/2-1/2"]
[WhiteElo "2030"]
[BlackElo "1860"]
[PlyCount "141"]
[EventDate "2007.10.05"]
[EventType "swiss"]
[EventRounds "7"]
[EventCountry "CRO"]
[SourceTitle "CBM 120 Extra"]
[Source "ChessBase"]
[SourceDate "2007.11.01"]
[SourceVersion "1"]
[SourceVersionDate "2007.11.01"]
[SourceQuality "1"]

1. e4 e6 2. d4 d5 3. Nd2 Nf6 4. e5 Nfd7 5. Bd3 c5 6. c3 cxd4 7. cxd4 Nc6 8. Qg4 f5 9. exf6 Nxf6 10. Qh4 Be7 11. Ne2 0-0 12. 0-0 Bd7 13. f4 Nb4 14. Bb1 Rc8 15. Nc3 Rf7 16. Qe1 Nc6 17. Nf3 Qb6 18. Qe3 g6 19. a3 Ng4 20. Qd3 Na5 21. h3 Nb3 22. hxg4 Nxa1 23. Ne5 Be8 24. Nxf7 Bxf7 25. Ba2 Be8 26. f5 Nb3 27. Nxd5 exd5 28. Bxb3 Bb5 29. Bxd5+ Kh8 30. Qe3 Bxf1 31. Qxe7 Qxd4+ 32. Be3 Qxd5 33. Kxf1 Kg8 34. f6 Qf7 35. Qe5 Re8 36. Qc3 b6 37. g5 Rd8 38. Qe5 Qd7 39. Kg1 Kf7 40. Kh1 Qe6 41. Qc3 Rd7 42. Kg1 Qd5 43. Kf2 Qf5+ 44. Ke2 h6 45. gxh6 Qxf6 46. h7 Qxc3 47. bxc3 Kg7 48. Bd4+ Kxh7 49. Kd3 g5 50. Kc4 Kg6 51. g4 Kf7 52. Kb5 Ke6 53. Kc6 Rf7 54. Be3 Rg7 55. Bd4 Rh7 56. Be3 Rh3 57. Bd4 Rg3 58. Kb7 Rxg4 59. a4 Rxd4 60. cxd4 g4 61. Kc6 g3 62. d5+ Ke5 63. d6 g2 64. d7 g1Q 65. d8Q Qg2+ 66. Kc7 Qc2+ 67. Kb7 Qxa4 68. Qg5+ Kd6 69. Qf6+ Kc5 70. Qe5+ Kb4 71. Qd4+ 1/2-1/2

[Event "Split MIC op"]
[Site "Split"]
[Date "2007.05.05"]
[Round "9"]
[White "Sikimic, Goran"]
[Black "Simovic, Mladen"]
[Result "0-1"]
[WhiteElo "1751"]
[BlackElo "1868"]
[PlyCount "67"]
[EventDate "2007.04.28"]
[EventType "swiss"]
[EventRounds "9"]
[EventCountry "CRO"]
[SourceTitle "EXT 2008"]
[Source "ChessBase"]
[SourceDate "2007.11.25"]
[SourceVersion "1"]
[SourceVersionDate "2007.11.25"]
[SourceQuality "1"]

1. e4 e6 2. d4 d5 3. exd5 exd5 4. Bd3 Nf6 5. Bg5 c5 6. c3 Nc6 7. Bb5 a6 8. Bxc6+ bxc6 9. Qe2+ Be6 10. Nf3 Be7 11. Ne5 Qb6 12. 0-0 h6 13. Bh4 cxd4 14. cxd4 Qxd4 15. Bxf6 Bxf6 16. Nxc6 Qxb2 17. Nd2 Qb5 18. Qxb5 axb5 19. Rab1 Rxa2 20. Nf3 0-0 21. Rxb5 d4 22. Ra5 Rxa5 23. Nxa5 d3 24. Rd1 Ra8 25. Nc6 Bb3 26. Re1 Ra2 27. Nb4 d2 28. Nxa2 dxe1Q+ 29. Nxe1 Bxa2 30. f4 Bd4+ 31. Kh1 Be3 32. g3 Bd5+ 33. Ng2 Bxg2+ 34. Kxg2 0-1

[Event "Split MIC op"]
[Site "Split"]
[Date "2007.05.01"]
[Round "4"]
[White "Sunara, Tomislav"]
[Black "Simovic, Mladen"]
[Result "1-0"]
[WhiteElo "1992"]
[BlackElo "1868"]
[PlyCount "145"]
[EventDate "2007.04.28"]
[EventType "swiss"]
[EventRounds "9"]
[EventCountry "CRO"]
[SourceTitle "EXT 2008"]
[Source "ChessBase"]
[SourceDate "2007.11.25"]
[SourceVersion "1"]
[SourceVersionDate "2007.11.25"]
[SourceQuality "1"]

1. Nf3 Nf6 2. c4 c5 3. Nc3 Nc6 4. g3 g6 5. Bg2 Bg7 6. 0-0 0-0 7. d3 d6 8. Bg5 h6 9. Bf4 e5 10. Bd2 Nd4 11. e3 Nxf3+ 12. Bxf3 Rb8 13. Bg2 a6 14. a4 Bd7 15. Qc2 Qc8 16. Rfe1 Bh3 17. Bh1 Kh7 18. Ne4 Qd7 19. Bc3 Nxe4 20. Bxe4 Be6 21. Bg2 Rfd8 22. e4 b5 23. axb5 axb5 24. cxb5 Rxb5 25. Qe2 Rdb8 26. Qe3 h5 27. Rf1 Bh6 28. Qe2 Bh3 29. Bxh3 Qxh3 30. Ra7 R5b7 31. Rfa1 Bg7 32. R7a6 Qd7 33. Qf3 Rf8 34. Kg2 f6 35. h3 Bh6 36. g4 h4 37. Kh1 Bf4 38. Kg2 g5 39. Kf1 Kg7 40. Ke2 Rfb8 41. Kf1 Kf7 42. Kg2 Ke7 43. Kf1 Qb5 44. Kg2 Qd7 45. Kf1 Rc8 46. Kg2 Rcc7 47. Qd1 Ra7 48. Qb3 Rxa6 49. Rxa6 Qe6 50. Qb8 Qc8 51. Qb6 Qd7 52. Qb3 Qe6 53. Qa4 Qd7 54. Qa5 Qc8 55. Ra8 Qb7 56. Qa4 Qc6 57. Qa2 c4 58. f3 Qc5 59. Qa4 Qc6 60. dxc4 Qxa4 61. Rxa4 Kd7 62. Kf2 Bc1 63. Ke2 Rb7 64. b4 Kc7 65. Kd3 Kb6 66. Kc2 Be3 67. Kb3 Ra7 68. b5 Rxa4 69. Kxa4 Kc7 70. Ka5 Bf2 71. Ka6 Be3 72. Ba5+ Kb8 73. Bd8 1-0

[Event "Epetium op"]
[Site "Stobrec"]
[Date "2006.08.13"]
[Round "3"]
[White "Simovic, Mladen"]
[Black "Maslov, Zeljko"]
[Result "0-1"]
[WhiteElo "1915"]
[BlackElo "2013"]
[PlyCount "76"]
[EventDate "2006.08.11"]
[EventType "swiss"]
[EventRounds "7"]
[EventCountry "CRO"]
[SourceTitle "EXT 2007"]
[Source "ChessBase"]
[SourceDate "2006.11.23"]
[SourceVersion "1"]
[SourceVersionDate "2006.11.23"]
[SourceQuality "1"]

1. d4 Nf6 2. c4 c6 3. Nc3 d5 4. e3 e6 5. Nf3 Nbd7 6. Bd3 dxc4 7. Bxc4 b5 8. Bd3 a6 9. a3 Bb7 10. 0-0 c5 11. Bc2 Bd6 12. h3 0-0 13. Ng5 Qc7 14. dxc5 Nxc5 15. Qe2 Qc6 16. Nf3 Rac8 17. Rd1 Ncd7 18. Ne1 Ne5 19. e4 Nc4 20. b3 Nxa3 21. Rxd6 Qxd6 22. Bxa3 Qd4 23. e5 Qxc3 24. Rc1 Rfd8 25. Bxh7+ Nxh7 26. Rxc3 Rxc3 27. Bd6 Bd5 28. Nd3 Bxb3 29. Nc5 Rxd6 30. exd6 Rxc5 31. Qd3 Rd5 32. Qxd5 Bxd5 33. d7 b4 34. d8Q+ Nf8 35. Qa5 b3 36. Qxa6 Ng6 37. Qc8+ Kh7 38. g3 Ne5 0-1

[Event "Epetium op"]
[Site "Stobrec"]
[Date "2006.08.11"]
[Round "1"]
[White "Simovic, Mladen"]
[Black "Plenkovic, Zdenko"]
[Result "0-1"]
[WhiteElo "1915"]
[BlackElo "2325"]
[PlyCount "74"]
[EventDate "2006.08.11"]
[EventType "swiss"]
[EventRounds "7"]
[EventCountry "CRO"]
[SourceTitle "EXT 2007"]
[Source "ChessBase"]
[SourceDate "2006.11.23"]
[SourceVersion "1"]
[SourceVersionDate "2006.11.23"]
[SourceQuality "1"]

1. d4 Nf6 2. c4 e6 3. Nc3 Bb4 4. a3 Bxc3+ 5. bxc3 c5 6. Nf3 Nc6 7. e3 d6 8. Bd3 e5 9. e4 h6 10. d5 Na5 11. h3 b6 12. 0-0 Ba6 13. Be3 Qd7 14. Nd2 g5 15. f4 gxf4 16. Bxf4 exf4 17. Rxf4 Qe7 18. Qf3 Nd7 19. Rf5 Ne5 20. Rxe5 Qxe5 21. Rf1 0-0-0 22. Qg4+ Kb8 23. Rxf7 Qxc3 24. Nf3 Qxd3 25. Qe6 Qe3+ 26. Kh1 Rhe8 27. Re7 Rxe7 28. Qxe7 Nb7 29. e5 Bxc4 30. Qe6 Qe4 31. Qxh6 Bxd5 32. exd6 Rxd6 33. Qf8+ Rd8 34. Qf6 Qb1+ 35. Kh2 Bxf3 36. Qxf3 Qd3 37. Qf2 c4 0-1

[Event "Cvitanovic Memorial-B 11th"]
[Site "Split"]
[Date "2006.04.30"]
[Round "2"]
[White "Simovic, Mladen"]
[Black "Paradjina, Dusko"]
[Result "1/2-1/2"]
[WhiteElo "1897"]
[BlackElo "1995"]
[PlyCount "52"]
[EventDate "2006.04.29"]
[EventType "swiss"]
[EventRounds "7"]
[EventCountry "CRO"]
[SourceTitle "CBM 112 Extra"]
[Source "ChessBase"]
[SourceDate "2006.07.14"]
[SourceVersion "1"]
[SourceVersionDate "2006.07.14"]
[SourceQuality "1"]

1. d4 Nf6 2. c4 e6 3. Nc3 d5 4. e3 c6 5. Nf3 Bd6 6. Bd3 Nbd7 7. 0-0 0-0 8. e4 dxe4 9. Nxe4 Nxe4 10. Bxe4 Nf6 11. Bc2 Qc7 12. Qd3 g6 13. Bg5 Nh5 14. g3 Be7 15. Bh6 Re8 16. Ne5 Bf6 17. Rfe1 c5 18. Qe3 cxd4 19. Qxd4 Rd8 20. Qe3 Bxe5 21. Qxe5 Qxe5 22. Rxe5 b6 23. Ree1 Bb7 24. Rad1 Bf3 25. Rxd8+ Rxd8 26. Kf1 Ng7 1/2-1/2